[Event "5th Mayors Cup 2012"]
[Site "Mumbai IND"]
[Date "2012.06.08"]
[Round "2.13"]
[White "Czebe,A"]
[Black "Nishant,M"]
[Result "1-0"]
[WhiteElo "2475"]
[BlackElo "2031"]

1.Nf3 d5 2.g3 Nf6 3.Bg2 g6 4.c4 Bg7 5.cxd5 Nxd5 6.O-O O-O 7.Nc3 Nb6 8.d3 Nc6
9.Be3 e5 10.a4 a5 11.Nb5 Nd4 12.Nfxd4 exd4 13.Bf4 c6 14.Bc7 Qd7 15.Bxb6 cxb5
16.b4 axb4 17.a5 Re8 18.Rc1 Qe6 19.Rc5 Bf8 20.Rd5 Bd7 21.Rxd4 Bc6 22.e3 b3
23.Bxc6 bxc6 24.Re4 Qd5 25.Rxe8 Rxe8 26.e4 Qe6 27.d4 Qc4 28.d5 cxd5 29.exd5 Bd6
30.a6 Ra8 31.a7 Bc5 32.Bxc5 Qxc5 33.d6 Qxa7 34.Qxb3 Qd7 35.Qd5 Re8 36.Qd4 h5
37.Ra1 Kh7 38.Ra7 Qe6 39.h4 Rd8 40.Re7 Qf5 41.d7 Qb1+ 42.Kh2  1-0

[Event "Mitropa Cup 2012"]
[Site "Sibenik CRO"]
[Date "2012.06.08"]
[Round "9"]
[White "Papp,Ga"]
[Black "Diermair,A"]
[Result "1/2-1/2"]
[WhiteElo "2552"]
[BlackElo "2414"]

1.g3 d5 2.Nf3 Nf6 3.Bg2 c6 4.O-O Bg4 5.d3 Nbd7 6.Nbd2 e5 7.e4 dxe4 8.dxe4 Bc5
9.h3 Bh5 10.c3 a5 11.a4 O-O 12.Qc2 Re8 13.Nb3  1/2-1/2

[Event "Alushta Summer 1 2012"]
[Site "Alushta UKR"]
[Date "2012.06.09"]
[Round "10"]
[White "Azaladze,S"]
[Black "Belikov,V"]
[Result "1/2-1/2"]
[WhiteElo "2489"]
[BlackElo "2476"]

1.Nf3 d5 2.g3 c6 3.Bg2 Nf6 4.O-O Bg4 5.d3 Nbd7 6.Nbd2 e5 7.e4 dxe4 8.Nxe4 Nxe4
9.dxe4 Be7 10.Be3 O-O 11.c3 Qc7 12.Qc2 Bc5 13.Bxc5 Nxc5 14.b4 Nd7  1/2-1/2

[Event "TCh-FRA Top 12 2012"]
[Site "Belfort FRA"]
[Date "2012.06.09"]
[Round "10.1"]
[White "Le Roux,JP"]
[Black "Landa,K"]
[Result "1/2-1/2"]
[WhiteElo "2551"]
[BlackElo "2646"]

1.Nf3 d5 2.g3 g6 3.Bg2 Bg7 4.d4 c6 5.O-O Nf6 6.b3 O-O 7.c4 Ne4 8.Bb2 Be6
9.Nbd2 Nxd2 10.Qxd2 dxc4 11.Ng5 Qd7 12.Nxe6 Qxe6 13.d5 c3 14.Bxc3 Bxc3 15.Qxc3 cxd5
16.Qc7 Nd7 17.Bxd5 Qxd5 18.Rad1 Qe6 19.Rxd7  1/2-1/2

[Event "FSIMA June 2012"]
[Site "Budapest HUN"]
[Date "2012.06.09"]
[Round "7.2"]
[White "Galyas,M"]
[Black "Wang Xinyue"]
[Result "1-0"]
[WhiteElo "2403"]
[BlackElo "2041"]

1.Nf3 d5 2.g3 Nf6 3.Bg2 c6 4.O-O Bf5 5.b3 Nbd7 6.Bb2 h6 7.d3 Qc7 8.c4 dxc4
9.bxc4 e5 10.Nc3 Bd6 11.d4 O-O 12.e3 a6 13.c5 Be7 14.dxe5 Ne4 15.Nd4 Nxc3
16.Bxc3 Bh7 17.f4 Nxc5 18.Qg4 Qd7 19.Qxd7 Nxd7 20.Bh3 Rfd8 21.Ba5 b6 22.Nxc6 Bc5
23.Rfd1 Rf8 24.Bb4 Bxb4 25.Nxb4 Nc5 26.Nd5 Be4 27.Nxb6 Rab8 28.Nc4 Rb4 29.Nd6 Bf3
30.Rdc1 Na4 31.Rab1 Rbb8 32.Rxb8 Rxb8 33.e6 fxe6 34.Bxe6+ Kh8 35.Rc8+ Rxc8
36.Bxc8 Nc3 37.Bxa6 Nxa2 38.Nf7+ Kh7 39.Bd3+ Kg8 40.Nxh6+ Kf8 41.Nf5 Nc3
42.Nd4 Bd5 43.Kf2 Kf7 44.g4 Ne4+ 45.Bxe4 Bxe4 46.Kg3  1-0

[Event "TCh-NOR Clubs 2012"]
[Site "Fagernes NOR"]
[Date "2012.06.09"]
[Round "4"]
[White "Ostenstad,B"]
[Black "Hammer,J"]
[Result "0-1"]
[WhiteElo "2484"]
[BlackElo "2630"]

1.Nf3 d5 2.g3 c6 3.Bg2 Bf5 4.c4 e6 5.cxd5 exd5 6.O-O Be7 7.d3 Nf6 8.b3 h6
9.Bb2 O-O 10.Nbd2 a5 11.a3 Re8 12.Nd4 Bh7 13.e4 Nbd7 14.Qc2 Qb6 15.h3 Bd6
16.Rae1 Rad8 17.Kh2 Nc5 18.f4 Bf8 19.Re3 a4 20.e5 axb3 21.N2xb3 Na4 22.Bc1 Nd7
23.Bd2 Qa6 24.Rfe1 Nac5 25.Bf1 Nxb3 26.Nxb3 Qxa3 27.Ra1 Qe7 28.Ra7 Nb8 29.Ba5 Rc8
30.Bg2 Na6 31.Bb6 Ra8 32.Rxa8 Rxa8 33.Qc3 Qb4 34.Qxb4 Nxb4 35.d4 Ra2 36.Kg1 Nc2
37.Rf3 Rb2 38.Bc5 Ne1  0-1

[Event "1st Grand Europe Open"]
[Site "Golden Sands BUL"]
[Date "2012.06.09"]
[Round "6.4"]
[White "Efimenko,Z"]
[Black "Nabaty,T"]
[Result "1/2-1/2"]
[WhiteElo "2689"]
[BlackElo "2553"]

1.Nf3 d5 2.g3 c5 3.Bg2 g6 4.c4 d4 5.b4 cxb4 6.Qa4+ Bd7 7.Qxb4 Nc6 8.Qb3 Na5
9.Qb2 Bg7 10.d3 e5 11.O-O Ne7 12.Na3 O-O 13.Bd2 Rb8 14.Bb4 Bf5 15.Nb5 a6
16.Nd6 Bd7 17.Rab1 b5 18.cxb5 axb5 19.Ne4 Bf5 20.Bd6 Rb6 21.Bxe5 Nec6 22.Bxg7 Kxg7
23.Nfd2 Be6 24.Rfc1 Re8 25.Nf3 f6 26.Rc5 b4 27.Qc2 f5 28.Ned2 Qd6 29.Rc1 Rc8
30.Ng5 Bd7 31.Rd5 Qe7 32.Qc5 Qxc5 33.Rcxc5 Rc7 34.Rxd4 h6 35.Ngf3 Be6 36.Rc2 Kf6
37.Rh4 Rh7 38.Nd4 g5 39.Nxe6 gxh4 40.Nf4 Nd4 41.Rc5 Rb5 42.Rxb5 Nxb5 43.Nd5+ Ke5
44.Nxb4 Nc3 45.e3 hxg3 46.hxg3 Rc7 47.d4+ Kd6 48.Bh3 Nc4 49.Nxc4+ Rxc4 50.Nd3 Ke6
51.Kg2 Kf6 52.Kf3 Ra4 53.g4 Ne4 54.Bg2 Ng5+ 55.Kg3 Rxa2 56.gxf5 Kxf5 57.Nc5 h5
58.e4+ Kg6 59.d5 h4+ 60.Kxh4 Rxf2 61.Kg3 Rc2 62.Nd7 Rxg2+ 63.Kxg2 Nxe4 64.Kf3 Nf6
65.Nxf6 Kxf6 66.Ke4 Ke7  1/2-1/2

[Event "Server24Chess 2012"]
[Site "Ortisei ITA"]
[Date "2012.06.09"]
[Round "8"]
[White "Romanishin,O"]
[Black "Borgo,G"]
[Result "1-0"]
[WhiteElo "2511"]
[BlackElo "2395"]

1.Nf3 d5 2.g3 Nf6 3.Bg2 c5 4.O-O e6 5.d4 cxd4 6.Nxd4 a6 7.a4 Be7 8.a5 O-O
9.Nb3 Nc6 10.Be3 Nd7 11.N1d2 Bf6 12.c3 Rb8 13.Bf4 Be5 14.Bxe5 Ndxe5 15.e4 b6
16.f4 Nc4 17.Nxc4 dxc4 18.Qxd8 Rxd8 19.e5 Nxa5 20.Nxa5 bxa5 21.Rfd1 Bd7 22.Rxa5 Bb5
23.Raa1 Kf8 24.Kf2 Ke7 25.Ke3 Be8 26.Rxd8 Kxd8 27.Rd1+ Kc7 28.Rd2 Kb6 29.g4 g6
30.h4 Kc5 31.f5 gxf5 32.gxf5 a5 33.Kf4 h6 34.Bh3 exf5 35.Bg2 Bc6 36.Bxc6 Kb6
37.Kxf5 Kxc6 38.Kf6 Rb7 39.h5 Kb5 40.Kg7  1-0

[Event "OKU Open GpA 2012"]
[Site "Utrecht NED"]
[Date "2012.06.09"]
[Round "3.3"]
[White "Lammens,Tim"]
[Black "Guliyev,N"]
[Result "0-1"]
[WhiteElo "2291"]
[BlackElo "2522"]

1.Nf3 d5 2.g3 Bg4 3.Bg2 Nd7 4.c4 e6 5.cxd5 exd5 6.O-O Ngf6 7.d3 Be7 8.Nc3 c6
9.e4 Nc5 10.h3 Bh5 11.Qc2 dxe4 12.dxe4 Qd3 13.Qxd3 Nxd3 14.Nd4 Bg6 15.Rd1 Nxc1
16.Raxc1 Rd8 17.e5 Nd7 18.f4 Nc5 19.f5 Bg5 20.Nce2 Be3+ 21.Kf1 Bxc1 22.Rxc1 Nd3
23.Rc3 Nxe5 24.Re3 f6 25.fxg6 hxg6 26.Ra3 a6 27.Rb3 Rd7 28.Ne6 b5 29.Ra3 Rd1+
30.Kf2 Kf7 31.Nc5 Rd2 32.b4 Re8 33.Ne4 Rdd8 34.Nc5 f5 35.Rxa6 Rd2 36.Bf1 g5
37.Ra7+ Kg8 38.a3 f4 39.gxf4 gxf4 40.Ne4 Nd3+ 41.Kf3 Rd1 42.N2c3 Rxf1+ 43.Ke2 Rh1
44.Kxd3 Rxh3+ 45.Kd4 Rd8+ 46.Ke5 Rf8 47.Rc7 Rh5+ 48.Kd6 f3 49.Nf2 Rh6+ 50.Kc5 Rf4
51.Nce4 Rhh4 52.Re7 Rh6 53.Kd4 Rf8 54.Ke3 Ra8 55.Kxf3 Rxa3+ 56.Kf4 Rb3 57.Ng4 Rh5
58.Ng5 Rxb4+ 59.Kf5 Kf8 60.Rf7+ Ke8 61.Rxg7 Kd8 62.Nf6 Rh1 63.Rd7+ Kc8 64.Rg7 Rb2
65.Nge4 Rd1 66.Ke6 Re2 67.Re7 b4 68.Kf5 Kb8 69.Nd7+ Ka7 70.Ndc5+  0-1

[Event "TCh-FRA Top 12 2012"]
[Site "Belfort FRA"]
[Date "2012.06.10"]
[Round "11.1"]
[White "Bauer,Ch"]
[Black "Fargere,Fr"]
[Result "1-0"]
[WhiteElo "2672"]
[BlackElo "2467"]

1.Nf3 d5 2.g3 c6 3.Bg2 Nf6 4.O-O Bf5 5.c4 e6 6.cxd5 exd5 7.d3 Be7 8.Qb3 Qb6
9.Qc2 Qc5 10.Nc3 Na6 11.Be3 Qd6 12.Bf4 Qc5 13.Rac1 O-O 14.Be3 Qd6 15.a3 Nc7
16.Bf4 Qd7 17.e4 Be6 18.Rfe1 Rad8 19.Ng5 Rfe8 20.Qa4 d4 21.Ne2 Nb5 22.Qc2 c5
23.Nxe6 fxe6 24.Bh3 Bf8 25.Qb3 a6 26.Bg5 h6 27.Bxf6 gxf6 28.Nf4 Nc7 29.e5 Nd5
30.Nh5 b5 31.Bg2 Bg7  1-0

[Event "1st Grand Europe Open"]
[Site "Golden Sands BUL"]
[Date "2012.06.10"]
[Round "7.32"]
[White "Rzayev,B"]
[Black "Al Sayed,Mohamad"]
[Result "0-1"]
[WhiteElo "2380"]
[BlackElo "2525"]

1.Nf3 d5 2.g3 Nf6 3.Bg2 Bg4 4.O-O Nbd7 5.d4 e6 6.c4 c6 7.Nc3 dxc4 8.a4 a5
9.e4 Bb4 10.e5 Nd5 11.Ne4 c3 12.bxc3 Nxc3 13.Nxc3 Bxc3 14.Rb1 Bb4 15.h3 Bh5
16.Bd2 Bxf3 17.Bxf3 Bxd2 18.Qxd2 Nxe5 19.Bg2 Nc4 20.Qc3 Nd6 21.d5 O-O 22.dxc6 bxc6
23.Qxc6 Rc8 24.Qa6 Nf5 25.Rb5 Qd4 26.Qxa5 Nxg3 27.Re1 Rc2 28.Qb6 Ne2+ 29.Rxe2 Rc1+
30.Bf1 Qd1 31.Kg2 Qxf1+ 32.Kf3 Qxh3+ 33.Ke4 Rc4+  0-1

[Event "5th Mayors Cup 2012"]
[Site "Mumbai IND"]
[Date "2012.06.10"]
[Round "6.1"]
[White "Rahman,Zia"]
[Black "Chadaev,N"]
[Result "1/2-1/2"]
[WhiteElo "2520"]
[BlackElo "2563"]

1.Nf3 d5 2.g3 Nf6 3.Bg2 c6 4.c4 Bg4 5.Ne5 Be6 6.cxd5 Bxd5 7.Nf3 c5 8.Nc3 Bc6
9.O-O e6 10.b3 Be7 11.Bb2 O-O 12.Rc1 Nbd7 13.d4 Rc8 14.Qd3 Qb6 15.e4 cxd4
16.Nxd4 Ne5 17.Qe2 Bd7 18.Rcd1 Rfd8 19.Kh1 Bc5 20.Nc2 Bc6 21.f3 h6 22.Rxd8+ Rxd8
23.Rd1 a6  1/2-1/2

[Event "Server24Chess 2012"]
[Site "Ortisei ITA"]
[Date "2012.06.10"]
[Round "9"]
[White "Thorsteinsson,T"]
[Black "Villa,G"]
[Result "1-0"]
[WhiteElo "2248"]
[BlackElo "1936"]

1.Nf3 d5 2.g3 Nf6 3.Bg2 c6 4.O-O Bf5 5.d3 e6 6.Nbd2 h6 7.b3 Be7 8.Bb2 O-O
9.c4 Nbd7 10.Rc1 Qb6 11.Rc2 a5 12.a3 Rfd8 13.Qa1 Bf8 14.h3 Bh7 15.Kh2 Nc5
16.Bd4 Nfd7 17.Qb2 Qc7 18.cxd5 exd5 19.b4 axb4 20.axb4 Ne6 21.Be3 Qd6 22.Rb1 b6
23.Nd4 Nxd4 24.Qxd4 Ra4 25.Rbc1 c5 26.bxc5 Rxd4 27.cxd6 Rb4 28.Bxd5 Bxd6
29.Rc8 Rxc8 30.Rxc8+ Nf8 31.Nc4 Bf5 32.Rc6 Bc5 33.Bxc5 bxc5 34.Rxc5 Ne6 35.Rc8+ Kh7
36.Ne3 Bg6 37.Bxe6 fxe6 38.Rc5 Rb1 39.Kg2 Kg8 40.Rc8+ Kf7 41.Rc7+ Kf8 42.Kf3 Rb4
43.Nc4 Ra4 44.Ne5 Be8 45.Nd7+ Bxd7 46.Rxd7 Ra2 47.h4 Rb2 48.g4 Rb4 49.e4  1-0

[Event "26th Pula Open"]
[Site "Pula CRO"]
[Date "2012.06.10"]
[Round "2.12"]
[White "Riedel,Ho"]
[Black "Geirnaert,S"]
[Result "1-0"]
[WhiteElo "2148"]
[BlackElo "2412"]

1.Nf3 d5 2.g3 c5 3.Bg2 Nc6 4.d4 e6 5.O-O Nf6 6.b3 Be7 7.Bb2 O-O 8.Nbd2 Ne4
9.dxc5 f5 10.Nxe4 fxe4 11.Ne5 Bxc5 12.e3 Qc7 13.Qh5 Bd6 14.Nxc6 bxc6 15.c4 Ba6
16.Rfc1 Rf5 17.Qg4 Be5 18.Bxe5 Qxe5 19.Rab1 Raf8 20.Rc2 c5 21.Rd1 Bb7 22.Re1 d4
23.exd4 cxd4 24.Bxe4 d3 25.Rd2 h5 26.Qh4 R8f6 27.Rxd3 Rxf2 28.Rd8+ Kf7 29.Rd7+ Kf8
30.Rxb7 Qd4 31.Rb8+ Ke7 32.Re8+  1-0

[Event "1st Grand Europe Open"]
[Site "Golden Sands BUL"]
[Date "2012.06.11"]
[Round "8.63"]
[White "AlHuwar,J"]
[Black "Mihopoulos,K"]
[Result "1-0"]
[WhiteElo "2270"]
[BlackElo "1978"]

1.Nf3 d5 2.g3 c6 3.Bg2 Bf5 4.O-O Nd7 5.d3 h6 6.c4 e6 7.cxd5 cxd5 8.Nc3 Ngf6
9.e4 dxe4 10.dxe4 Nxe4 11.Nd4 Nxc3 12.bxc3 Nc5 13.Nxf5 Qxd1 14.Rxd1 exf5
15.Re1+ Be7 16.Bxb7 Nxb7 17.Ba3 O-O-O 18.Rxe7 Rd7 19.Rae1 Rhd8 20.Kg2 g6
21.Rxd7 Rxd7 22.Re8+ Rd8 23.Re7 Rd7 24.Kf3 Rxe7 25.Bxe7 Kd7 26.Bf8 h5 27.Ke3 Nd8
28.Bc5 a6 29.Kd3 Ne6 30.Be3 Kd6 31.Kc4 Kc6 32.a4 h4 33.gxh4 f4 34.Bd4 Nc7
35.Kd3 Kd5 36.c4+ Kd6 37.h5 gxh5 38.Ke4 Ne6 39.Bb6 Kc6 40.a5  1-0

[Event "1st Grand Europe Open"]
[Site "Golden Sands BUL"]
[Date "2012.06.11"]
[Round "8.44"]
[White "Velikov,P"]
[Black "Koksal,E"]
[Result "1-0"]
[WhiteElo "2416"]
[BlackElo "2200"]

1.Nf3 d5 2.g3 Nf6 3.Bg2 c6 4.O-O Bg4 5.d3 Nbd7 6.Nbd2 e5 7.h3 Bh5 8.e4 dxe4
9.dxe4 Be7 10.Qe1 Qc7 11.Nc4 O-O 12.a4 Rfe8 13.Nh4 Bg6 14.Bd2 Nc5 15.Nxg6 hxg6
16.Qe2 Ne6 17.c3 Nc5 18.Bg5 a5 19.Qc2 Nfd7 20.Bxe7 Rxe7 21.Rfd1 Nb6 22.Ne3 Rd7
23.Rxd7 Qxd7 24.Bf1 Qe6 25.b3 Rd8 26.h4 Kh7 27.Kg2 Qd6 28.Rd1 Qe7 29.Rxd8 Qxd8
30.Nc4 Nxc4 31.Bxc4 Qd7 32.Qe2 b6 33.Qc2 Nb7 34.b4 axb4 35.cxb4 c5 36.b5 Qd4
37.Bxf7 Nd6 38.Bd5 c4 39.Qe2 c3 40.Qf3 Ne8 41.Bb3 Nd6 42.Qf8 Qxe4+ 43.Kh2 Nc4
44.Qc8 Qd4 45.Bxc4 Qxf2+ 46.Kh3 g5 47.Qg8+ Kg6 48.hxg5  1-0

[Event "1st Grand Europe Open"]
[Site "Golden Sands BUL"]
[Date "2012.06.11"]
[Round "8.67"]
[White "Stoichkov,Simeon"]
[Black "Dimitrov,Pa"]
[Result "1-0"]
[WhiteElo "2154"]
[BlackElo "2323"]

1.Nf3 d5 2.g3 Nf6 3.Bg2 Bf5 4.O-O c6 5.d3 e6 6.c4 Nbd7 7.Nc3 Be7 8.cxd5 cxd5
9.Re1 O-O 10.e4 Bg6 11.Nd4 Nc5 12.Nb3 dxe4 13.Nxc5 Bxc5 14.dxe4 Qxd1 15.Rxd1 Ng4
16.Rd2 Rad8 17.Re2 f5 18.e5 f4 19.gxf4 Bd3 20.Rd2 Ba6 21.Bh3 Rxd2 22.Bxd2 Nxf2
23.Bxe6+ Kh8 24.Kg2 Nd3 25.Ne4 Rxf4 26.Bxf4 Nxf4+ 27.Kg3 Nxe6 28.Nxc5 Nxc5
29.Rc1 b6 30.b4 Ne6 31.Rc6 Nd4 32.Rc7 h5 33.Rxa7 Bc4 34.a4 Kh7 35.Rb7 Bb3
36.a5 bxa5 37.bxa5 Bd5 38.Rd7 Ne2+ 39.Kf2 Bc4 40.Rc7 Bb5 41.Rc5 Ba6 42.e6 Kg6
43.e7 Kf7 44.Re5 Ke8 45.Rxe2  1-0

[Event "15th Heraklion Open"]
[Site "Athens GRE"]
[Date "2012.06.12"]
[Round "4.1"]
[White "Nikolaou,G"]
[Black "Ignatiadis,K"]
[Result "1-0"]
[WhiteElo "2231"]
[BlackElo "2141"]

1.Nf3 d5 2.g3 Nc6 3.d4 Bf5 4.c3 e6 5.Bg2 h6 6.Nbd2 Nf6 7.O-O Be7 8.b4 a6
9.a3 O-O 10.c4 Ne4 11.Bb2 Nxd2 12.Nxd2 Bf6 13.e3 Ne7 14.Qe2 c6 15.Rfd1 Bc2
16.Re1 Bh7 17.Rac1 Nc8 18.a4 Nd6 19.c5 Nf5 20.Bc3 Re8 21.Nf3 Ne7 22.Ne5 Ng6
23.h4 Qc7 24.Qb2 Bd8 25.h5 Ne7 26.Qe2 f6 27.Ng4 f5 28.Ne5 g5 29.b5 Kg7 30.Rb1 Ng8
31.bxc6 bxc6 32.Rb6 Bf6 33.Reb1 Bxe5 34.Rb7 Re7 35.Rxc7 Bxc7 36.Rb7 Kf8 37.Qb2 Nf6
38.Ba5 Ne8 39.Bxc7 Nxc7 40.Qb6  1-0

[Event "26th Pula Open"]
[Site "Pula CRO"]
[Date "2012.06.12"]
[Round "5.1"]
[White "Saric,A"]
[Black "Lizak,P"]
[Result "1/2-1/2"]
[WhiteElo "2513"]
[BlackElo "2423"]

1.Nf3 d5 2.g3 Nf6 3.Bg2 c5 4.O-O Nc6 5.d4 e6 6.c4 Be7 7.cxd5 exd5 8.dxc5 Bxc5
9.Qc2 Bb6 10.Nc3 h6 11.Bf4 O-O 12.Rad1 Be6 13.Ne5 Qe7 14.Na4 Nb4 15.Qb1 Bc7
16.a3 Nc6 17.Nxc6 bxc6 18.Bxc7 Qxc7 19.Nc5 Qe7 20.Qc2 Bf5 21.Qxf5 Qxc5 22.e4 Qc2
23.Rc1 Qxb2 24.e5 Ne4 25.Rxc6 Rae8  1/2-1/2

[Event "16th Voronezh Master Open"]
[Site "Voronezh RUS"]
[Date "2012.06.12"]
[Round "1.51"]
[White "Vastrukhin,O"]
[Black "Sokolovsky,V"]
[Result "1-0"]
[WhiteElo "2353"]
[BlackElo "2049"]

1.Nf3 d5 2.g3 c5 3.Bg2 Nf6 4.O-O Nc6 5.d4 cxd4 6.Nxd4 e5 7.Nxc6 bxc6 8.c4 Be7
9.Nc3 Be6 10.Qa4 O-O 11.Rd1 Qb6 12.cxd5 cxd5 13.Nxd5 Nxd5 14.Bxd5 Rad8 15.Bxe6 fxe6
16.Be3 Bc5 17.Rxd8 Rxd8 18.Bxc5 Qxc5 19.Qb3 Rd5 20.e3 h5 21.Qc3 Qd6 22.Qc8+ Kh7
23.Qc2+ Kh6 24.Qe4 Rd2 25.b3 Qd5 26.Qxd5 exd5 27.a4 Kg5 28.Rc1 d4 29.exd4 exd4
30.Rc7 d3 31.Rxg7+ Kf6 32.Rxa7 Rb2 33.Rd7 Rxb3 34.Kg2 Ra3 35.Kf3 d2+ 36.Ke2 d1=Q+
37.Rxd1 Rxa4 38.Rd5  1-0

[Event "Campeonato Individual Madrid 2012"]
[Site "Madrid ESP"]
[Date "2012.06.14"]
[Round "4.4"]
[White "Anton Guijarro,D"]
[Black "Moreno Ruiz,J"]
[Result "1-0"]
[WhiteElo "2475"]
[BlackElo "2513"]

1.Nf3 d5 2.g3 Nf6 3.Bg2 e6 4.O-O Be7 5.d3 c5 6.Nbd2 Nc6 7.e4 b6 8.Re1 Bb7
9.c3 Qc7 10.a3 O-O-O 11.exd5 Nxd5 12.Qc2 h6 13.Nc4 g5 14.a4 a5 15.Qb3 Bf6
16.Nfd2 Kb8 17.Na3 Ne5 18.Nb5 Qe7 19.Be4 Bg7 20.d4 Ng4 21.Nc4 cxd4 22.cxd4 Rhf8
23.Bd2 f5 24.Bf3 h5 25.Nxb6 Nxb6 26.Rxe6 Bxf3 27.Rxe7 Bd5 28.Qc3  1-0

[Event "5th Mayors Cup 2012"]
[Site "Mumbai IND"]
[Date "2012.06.14"]
[Round "10.8"]
[White "Czebe,A"]
[Black "Nimmy,A"]
[Result "1-0"]
[WhiteElo "2475"]
[BlackElo "2199"]

1.Nf3 d5 2.g3 Nf6 3.Bg2 c6 4.c4 Bg4 5.Ne5 Bf5 6.cxd5 cxd5 7.Nc3 e6 8.g4 Bg6
9.h4 Bd6 10.d4 O-O 11.h5 Bxe5 12.dxe5 Nxg4 13.hxg6 fxg6 14.Qa4 h5 15.Bh3 Qh4
16.Be3 Nc6 17.O-O-O d4 18.Bxd4 Qg5+ 19.Be3 Nxe3 20.fxe3 Qxe3+ 21.Kb1 Qxe5
22.Qe4 Qxe4+ 23.Nxe4 e5 24.Rd6 Rf4 25.Ng5 Rf6 26.Rd7 Nd4 27.Rxb7 Nxe2 28.Re7 Rb8
29.Rxe5 Ng3 30.Rhe1 Nf5 31.Bg2 Nd6 32.Ne4 Nxe4 33.Bxe4 Rbb6 34.a4 Rf2 35.Bc2 h4
36.Rh1 Rb4 37.Ra5 Kf7 38.Rxa7+ Kg8 39.a5 g5 40.a6 Rb6 41.Rd1 h3 42.Ra8+ Kf7
43.a7 Ra6 44.Rh8 Rxa7 45.Rxh3 Rb7 46.Rc3 Kf6 47.Rc6+ Ke5 48.Rc5+ Kf6 49.Rg1 g4
50.Rc4 Ra7 51.Rcxg4 Rc7 52.Rg6+ Ke5 53.R1g5+ Kd4 54.Rd6+ Kc4 55.Bd3+ Kb4
56.Rd4+ Kb3 57.Rb5+  1-0

[Event "26th Pula Open"]
[Site "Pula CRO"]
[Date "2012.06.15"]
[Round "8.7"]
[White "Lizak,P"]
[Black "Stanetzek,C"]
[Result "1-0"]
[WhiteElo "2423"]
[BlackElo "2227"]

1.Nf3 d5 2.g3 Nf6 3.c4 c6 4.Bg2 Bg4 5.Ne5 Be6 6.cxd5 Bxd5 7.Nf3 g6 8.Nc3 Bg7
9.O-O O-O 10.d3 Be6 11.e4 Na6 12.d4 Qa5 13.h3 b5 14.Re1 Rfd8 15.a3 b4 16.Qa4 Qxa4
17.Nxa4 bxa3 18.Rxa3 Nb4 19.Rc3 Na2 20.Rc5 Bb3 21.Nc3 Nb4 22.Bf1 Nd7 23.Ra5 Nb6
24.Bg5 Nc2 25.Rc1 f6 26.Be3 Nxe3 27.fxe3 Nc4 28.Bxc4+ Bxc4 29.Rc5 Bd3 30.Ne1 Ba6
31.Rxc6 Bc8 32.Nd5 Bxh3 33.Nxe7+ Kf8 34.Nd5 Rac8 35.Nxf6 Rxc6 36.Rxc6 Rb8
37.Nxh7+ Kg8 38.Ng5 Bg4 39.Nd3 Rb3 40.Nf2 Bd7 41.Rc7 Rxe3 42.Kg2 Bf6 43.Rxd7 Bxg5
44.Rxa7 Rb3 45.Ra3 Rxb2 46.Kf3 Bc1 47.Nd3  1-0

[Event "National Open 2012"]
[Site "Las Vegas USA"]
[Date "2012.06.16"]
[Round "3"]
[White "Shankland,S"]
[Black "Vibbert,Sean"]
[Result "1-0"]
[WhiteElo "2581"]
[BlackElo "2214"]

1.Nf3 d5 2.g3 e6 3.Bg2 Nf6 4.O-O b6 5.c4 Bb7 6.cxd5 Nxd5 7.d4 Be7 8.Re1 Nf6
9.Nc3 O-O 10.e4 c5 11.d5 Ne8 12.Ne5 f6 13.Nc4 e5 14.Qb3 Nd6 15.Rd1 Kh8 16.a4 Nxc4
17.Qxc4 Bd6 18.a5 Ba6 19.Qa4 Rf7 20.Bf1 Bxf1 21.Kxf1 a6 22.axb6 Qxb6 23.Be3 Qd8
24.Nb5 Rf8 25.Rdc1 a5 26.Nxd6 Qxd6 27.Rxc5 Nd7 28.Rxa5 Rab8 29.Qc6 Qb4 30.R1a4 Qb3
31.Qxd7 f5 32.Ra7 Qd1+ 33.Kg2 Qg4 34.exf5 e4 35.h3 Qf3+ 36.Kh2 Rg8 37.Bd4 Rxb2
38.Bxg7+  1-0

[Event "National Open 2012"]
[Site "Las Vegas USA"]
[Date "2012.06.16"]
[Round "4"]
[White "Altounian,L"]
[Black "Von Krogh,C"]
[Result "1-0"]
[WhiteElo "2428"]
[BlackElo "2231"]

1.Nf3 d5 2.g3 Nf6 3.Bg2 c6 4.O-O Nbd7 5.d4 g6 6.b3 Bg7 7.c4 O-O 8.Bb2 b5
9.Ne5 Bb7 10.Nd2 bxc4 11.bxc4 Nxe5 12.dxe5 Nd7 13.Rb1 Rb8 14.cxd5 cxd5 15.Nf3 Qa5
16.e6 Bxb2 17.exf7+ Rxf7 18.Rxb2 Nb6 19.Qd4 Qa4 20.Rb4 Qe8 21.Ne5 Rg7 22.a4 e6
23.a5 Nc4 24.Nxc4 dxc4 25.Rfb1 Rd8 26.Qxc4 Bxg2 27.Kxg2 Rgd7 28.Rb7 Qe7 29.Qc6 Kf8
30.a6 h6 31.R1b3 Kg8 32.Rd3 Rxd3  1-0

[Event "National Open 2012"]
[Site "Las Vegas USA"]
[Date "2012.06.17"]
[Round "6"]
[White "Bykhovsky,An ISR"]
[Black "Shankland,S"]
[Result "1/2-1/2"]
[WhiteElo "2516"]
[BlackElo "2581"]

1.Nf3 d5 2.g3 Nf6 3.Bg2 g6 4.d4 Bg7 5.c4 c6 6.O-O O-O 7.b3 dxc4 8.bxc4 c5
9.Bb2 Qb6 10.Qb3 Ne4  1/2-1/2

[Event "7th Mikhail Tal Memorial"]
[Site "Moscow RUS"]
[Date "2012.06.17"]
[Round "8"]
[White "Radjabov,T"]
[Black "Aronian,L"]
[Result "1/2-1/2"]
[WhiteElo "2784"]
[BlackElo "2825"]

1.Nf3 d5 2.g3 Bg4 3.Bg2 e6 4.c4 c6 5.O-O Nd7 6.cxd5 cxd5 7.Qb3 Qb6 8.Qxb6 Nxb6
9.Nc3 a6 10.d3 Nf6 11.Ne5 Bh5 12.Be3 Nbd7 13.Nxd7 Nxd7 14.f4 Bb4 15.Kf2 O-O
16.Rfc1 Rfc8 17.h3 Bg6 18.g4 h5 19.Bf3 Bh7 20.gxh5 Kf8 21.Rg1 Rc7 22.Rg2 Be7
23.Bd4 Bf6 24.Bxf6 Nxf6 25.Rag1 Ne8 26.Rg4 d4 27.Na4 Rd8 28.Rg5 Bf5 29.b4 Rc2
30.Nc5 b6 31.Ne4 Rxa2 32.Rc1 Rb2 33.Ra1 Nc7 34.Rag1 Nd5 35.Rxg7 Nxf4 36.Rg8+ Ke7
37.Rxd8 Nxh3+ 38.Kg3 Nxg1 39.Rb8 Nxe2+ 40.Bxe2 Rxe2 41.Rb7+ Kf8 42.Nd6 Bxd3
43.Rxf7+ Kg8 44.h6 Re5 45.Rg7+ Kf8  1/2-1/2

[Event "Teplice Open 2012"]
[Site "Teplice CZE"]
[Date "2012.06.17"]
[Round "2.30"]
[White "Kozak,Mi"]
[Black "Horak,Ales"]
[Result "1-0"]
[WhiteElo "2216"]
[BlackElo "1639"]

1.Nf3 d5 2.g3 c5 3.Bg2 e6 4.O-O Nc6 5.d4 Nf6 6.c4 dxc4 7.Qa4 Bd7 8.Qxc4 cxd4
9.Nxd4 Rc8 10.Nc3 a6 11.Rd1 Qc7 12.Nb3 Be7 13.e4 e5 14.Nd5 Nxd5 15.exd5 Qd6
16.Qe2 Nb4 17.Bd2 Bb5 18.Qg4 O-O 19.Bxb4 Qxb4 20.Qxb4 Bxb4 21.d6 b6 22.a3 Ba4
23.axb4 Bxb3 24.d7 Rb8 25.Rd6 Rfd8 26.Rxa6 Kf8 27.Bc6 Ke7 28.Rd2 Be6 29.b5 f5
30.f3 g5 31.Ra7 h6 32.Kf2 Kf6 33.Ke3 Ke7 34.f4 exf4+ 35.gxf4 g4 36.Kf2 Kf6
37.Ra8 Bf7 38.Rd6+  1-0

[Event "Teplice Open 2012"]
[Site "Teplice CZE"]
[Date "2012.06.18"]
[Round "3.56"]
[White "Bartos,Vaclav"]
[Black "Saffova,Michaela"]
[Result "1-0"]
[WhiteElo "1664"]
[BlackElo "1797"]

1.Nf3 d5 2.g3 Nc6 3.Bg2 e5 4.d3 Bc5 5.O-O Nge7 6.c3 O-O 7.d4 exd4 8.cxd4 Bd6
9.Nc3 h6 10.Bd2 a6 11.Rc1 Bg4 12.e3 Qd7 13.Na4 b6 14.Qb3 Rab8 15.Qd3 a5 16.Qb5 Rfc8
17.a3 Nd8 18.Qxd7 Bxd7 19.Nc3 c5 20.e4 cxd4 21.Nxd5 Nxd5 22.exd5 Bb5 23.Rfe1 d3
24.Nd4 Ba6 25.Re8+ Kh7 26.Rxc8 Rxc8 27.Nc6 Nxc6 28.Rxc8 Bxc8 29.dxc6 f5 30.Kf1 Ba6
31.Ke1 Kg8 32.Be3 Bc5 33.Bxc5 bxc5 34.Bd5+ Kf8 35.Be6 g6 36.c7 Ke7 37.c8=Q Bxc8
38.Bxc8 Kd6 39.Kd2 c4 40.a4 Kc5 41.Kc3 Kd5 42.f3 Kc6 43.Ba6 Kc5 44.Bxc4 d2
45.Be2  1-0

[Event "65th ch-RUS HL w"]
[Site "Tyumen RUS"]
[Date "2012.06.18"]
[Round "3"]
[White "Timofeeva,Ekaterina"]
[Black "Shadrina,T"]
[Result "1-0"]
[WhiteElo "2273"]
[BlackElo "2359"]

1.Nf3 d5 2.g3 Nf6 3.Bg2 c6 4.d3 Bf5 5.O-O Nbd7 6.c4 dxc4 7.dxc4 e5 8.Nc3 Be7
9.h3 O-O 10.Qe1 a5 11.e4 Be6 12.Qe2 Ne8 13.Rd1 f6 14.b3 Qc7 15.Be3 g6 16.Rac1 Ba3
17.Rc2 Ng7 18.Na4 f5 19.c5 Rae8 20.Bh6 fxe4 21.Ng5 Bd5 22.Nxe4 Bxe4 23.Qxe4 Nf6
24.Qc4+ Rf7 25.Bxg7 Kxg7 26.Nc3 Rd7 27.Rxd7+ Qxd7 28.Kh2 Qd4 29.Nb1 Bb2 30.Qe2 Ba1
31.Qe1 Qb4 32.Qd1 Qd4 33.Qe1 Re7 34.Na3 Nd7 35.Rc4 Qb2 36.Nc2 Qxa2 37.Nxa1 a4
38.Rxa4 Qb2 39.Rc4 Rf7 40.Rc2  1-0

[Event "65th ch-RUS HL"]
[Site "Tyumen RUS"]
[Date "2012.06.18"]
[Round "3"]
[White "Khalifman,A"]
[Black "Mokshanov,A"]
[Result "1/2-1/2"]
[WhiteElo "2651"]
[BlackElo "2429"]

1.Nf3 d5 2.g3 Nf6 3.Bg2 e6 4.O-O Be7 5.c4 O-O 6.d4 c6 7.Qc2 b6 8.Rd1 Ba6
9.b3 Nbd7 10.Nbd2 Rc8 11.e4 c5 12.exd5 exd5 13.Nf1 dxc4 14.d5 cxb3 15.axb3 Bxf1
16.Bxf1 Qc7 17.Bb5 Ne8 18.Re1 Bf6 19.Ng5 Bxg5 20.Bxg5 Nd6 21.Bf4 Rce8 22.b4 f6
23.Rxe8 Rxe8 24.bxc5 bxc5 25.Bxd6 Qxd6 26.Qf5 Re7 27.Rxa7 Nb6 28.Rxe7 Qxe7
29.Kg2 Qe5 30.Qxe5 fxe5 31.Kf3 Nc8 32.Ke3 Kf7 33.Bd3 h6 34.f4 Kf6 35.h4 Nd6
36.h5 exf4+ 37.gxf4 Ke7 38.Bg6 Nc8 39.Bf5 Nd6 40.Bg6 Kd8 41.Kd3 Kc7 42.Ke3 Nb5
43.Kd3 Kd6 44.Bf7 Nd4 45.Ke3 Nf5+ 46.Kd3 Ke7 47.Bg6 Nd6  1/2-1/2

[Event "Baltija WGM Cup 2012"]
[Site "Palanga LTU"]
[Date "2012.06.19"]
[Round "4.3"]
[White "Rogule,L"]
[Black "Styazhkina,A"]
[Result "1/2-1/2"]
[WhiteElo "2317"]
[BlackElo "2107"]

1.Nf3 d5 2.g3 c6 3.Bg2 Bg4 4.b3 Nd7 5.Bb2 e6 6.d3 Ngf6 7.Nbd2 Bd6 8.h3 Bh5
9.O-O Qc7 10.c4 Bxf3 11.Nxf3 O-O 12.Rc1 Rad8 13.Qc2 Rfe8 14.Rfd1 a5 15.e3 Qb8
16.a3 e5 17.Nd2 b5 18.Nf3 Rc8 19.Ra1 e4 20.dxe4 dxe4 21.Nd2 Be5 22.Nxe4 Bxb2
23.Qxb2 Nxe4 24.Bxe4 Rxe4 25.Rxd7 bxc4 26.Qc2 Rce8 27.bxc4 Qe5 28.Rad1 h6
29.Rd8 f5 30.Rxe8+ Qxe8 31.Qc3 Qe6 32.c5 a4 33.Rd6 Qb3 34.Rd3 Qe6 35.Qa5 Rc4
36.Rd8+ Kh7 37.Kh2 Qe4  1/2-1/2